Ropa, téma stále aktuálna

Ťažba ropy. Cena ropy na svetových trhoch. Stav amerických rafinérií. Produkcia ropy. Využitie ropy. Spotreba ropy. Obchod so surovou ropou.

Salvato in:
Dettagli Bibliografici
Autore principale: Malatinec, Rastislav
Natura: Capitolo di libro
Lingua:slovacco
Soggetti:
Tags: Aggiungi Tag
Nessun Tag, puoi essere il primo ad aggiungerne!!

MARC

LEADER 00000naa a2200000 4500
001 0127316
005 20230831115108.1
041 0 |a slo 
044 |a SK 
245 1 0 |a Ropa, téma stále aktuálna  |c Rastislav Malatinec 
520 |a Ťažba ropy. Cena ropy na svetových trhoch. Stav amerických rafinérií. Produkcia ropy. Využitie ropy. Spotreba ropy. Obchod so surovou ropou. 
610 2 0 |a ropa 
610 2 0 |a ceny 
610 2 0 |a produkcia 
610 2 0 |a ťažba surovín 
610 2 0 |a obchod svetový 
100 1 |a Malatinec, Rastislav